Największe miasta Albanii - Statystyki

Ogólne statystyki
  • Ten quiz został rozwiązany 9 razy
  • Średni wynik to 4 z 10
Statystyki odpowiedzi
Miasto Liczba ludności % Poprawnych
Tirana 418 495
100%
Durres 113 249
63%
Berat 36 496
50%
Elbasan 78 703
38%
Fier 55 845
38%
Korcza 51 152
38%
Szkodra 86 677
38%
Wlora 79 513
38%
Lushnja 31 424
13%
Kawaja 20 192
0%
Nie znaleziono quizów pasujących do podanych kryteriów
Rozkład punktacji
Procent ludzi z każdym wynikiem
Percentyl według liczby udzielonych odpowiedzi
Twoja historia wyników
Nie rozwiązałeś tego quizu